<?xml version="1.0" encoding="UTF-8"?><record xmlns="http://www.loc.gov/MARC21/slim" xmlns:zs="http://docs.oasis-open.org/ns/search-ws/sruResponse">
  <leader>04141cam a2200673 i 4500</leader>
  <controlfield tag="001">7276952</controlfield>
  <controlfield tag="003">DLC</controlfield>
  <controlfield tag="005">20260316135116.9</controlfield>
  <controlfield tag="007">t|</controlfield>
  <controlfield tag="007">cr |||||||  ||</controlfield>
  <controlfield tag="007">cr |||||||  ||</controlfield>
  <controlfield tag="008">840905s1757    sz c    o     001 0 lat  </controlfield>
  <datafield ind1=" " ind2=" " tag="906">
    <subfield code="a">7</subfield>
    <subfield code="b">cbc</subfield>
    <subfield code="c">premver</subfield>
    <subfield code="d">2</subfield>
    <subfield code="e">ncip</subfield>
    <subfield code="f">19</subfield>
    <subfield code="g">y-genrareb</subfield>
  </datafield>
  <datafield ind1=" " ind2=" " tag="955">
    <subfield code="a">he18 2026-03-16</subfield>
    <subfield code="i">he18 2026-03-16 NEW INPUT</subfield>
  </datafield>
  <datafield ind1=" " ind2=" " tag="955">
    <subfield code="a">LCAP batch update 2025-06-02-04:00: LCAPM-644</subfield>
  </datafield>
  <datafield ind1=" " ind2=" " tag="010">
    <subfield code="a">   07032269 </subfield>
  </datafield>
  <datafield ind1=" " ind2=" " tag="040">
    <subfield code="a">DLC</subfield>
    <subfield code="b">eng</subfield>
    <subfield code="e">dcrmr</subfield>
    <subfield code="c">CarP</subfield>
    <subfield code="d">DLC</subfield>
    <subfield code="d">DLC-MRC</subfield>
    <subfield code="d">DLC</subfield>
  </datafield>
  <datafield ind1=" " ind2=" " tag="042">
    <subfield code="a">pcc</subfield>
  </datafield>
  <datafield ind1="0" ind2="0" tag="050">
    <subfield code="a">R114</subfield>
    <subfield code="b">.S94 1757</subfield>
  </datafield>
  <datafield ind1="1" ind2=" " tag="100">
    <subfield code="a">Sydenham, Thomas,</subfield>
    <subfield code="d">1624-1689</subfield>
    <subfield code="e">author</subfield>
    <subfield code="4">aut</subfield>
    <subfield code="4">http://id.loc.gov/vocabulary/relators/aut</subfield>
    <subfield code="0">http://id.loc.gov/authorities/names/n83188721</subfield>
    <subfield code="1">http://id.loc.gov/rwo/agents/n83188721</subfield>
  </datafield>
  <datafield ind1="1" ind2="0" tag="240">
    <subfield code="a">Opera medica</subfield>
    <subfield code="1">http://id.loc.gov/resources/hubs/01fed17e-4936-38f3-a5b3-8c248624b8dd</subfield>
  </datafield>
  <datafield ind1="1" ind2="0" tag="245">
    <subfield code="a">Thomae Sydenham med. doct. ac practici Londinensis celeberrimi Opera medica :</subfield>
    <subfield code="b">in tomos duos divisa</subfield>
  </datafield>
  <datafield ind1=" " ind2=" " tag="250">
    <subfield code="a">Editio novissima aliis omnibus quae præcesserunt multò emaculatior, &amp; novis additamentis ditier : imò indice alphabetico locupletissimo in locum elenchi rerum suffecto, utilissimè ornata.</subfield>
  </datafield>
  <datafield ind1=" " ind2="1" tag="264">
    <subfield code="a">Genevae :</subfield>
    <subfield code="b">Apud fratres De Tournes,</subfield>
    <subfield code="c">M.DCC.LVII [1757]</subfield>
  </datafield>
  <datafield ind1=" " ind2=" " tag="300">
    <subfield code="a">2 volumes</subfield>
    <subfield code="b">1 portrait (engraving)</subfield>
    <subfield code="c">23 cm (4to)</subfield>
  </datafield>
  <datafield ind1=" " ind2=" " tag="334">
    <subfield code="a">single unit</subfield>
    <subfield code="b">mono</subfield>
    <subfield code="0">http://id.loc.gov/vocabulary/issuance/mono</subfield>
  </datafield>
  <datafield ind1=" " ind2=" " tag="336">
    <subfield code="a">text</subfield>
    <subfield code="b">txt</subfield>
    <subfield code="2">rdacontent</subfield>
    <subfield code="0">http://id.loc.gov/vocabulary/contentTypes/txt</subfield>
  </datafield>
  <datafield ind1=" " ind2=" " tag="337">
    <subfield code="a">unmediated</subfield>
    <subfield code="b">n</subfield>
    <subfield code="2">rdamedia</subfield>
    <subfield code="0">http://id.loc.gov/vocabulary/mediaTypes/n</subfield>
  </datafield>
  <datafield ind1=" " ind2=" " tag="337">
    <subfield code="3">Page view volume 2</subfield>
    <subfield code="a">computer</subfield>
    <subfield code="b">c</subfield>
    <subfield code="2">rdamedia</subfield>
    <subfield code="0">http://id.loc.gov/vocabulary/mediaTypes/c</subfield>
  </datafield>
  <datafield ind1=" " ind2=" " tag="337">
    <subfield code="3">Page view volume 1</subfield>
    <subfield code="a">computer</subfield>
    <subfield code="b">c</subfield>
    <subfield code="2">rdamedia</subfield>
    <subfield code="0">http://id.loc.gov/vocabulary/mediaTypes/c</subfield>
  </datafield>
  <datafield ind1=" " ind2=" " tag="338">
    <subfield code="a">volume</subfield>
    <subfield code="b">nc</subfield>
    <subfield code="2">rdacarrier</subfield>
    <subfield code="0">http://id.loc.gov/vocabulary/carriers/nc</subfield>
  </datafield>
  <datafield ind1=" " ind2=" " tag="338">
    <subfield code="3">Page view volume 2</subfield>
    <subfield code="a">online resource</subfield>
    <subfield code="b">cr</subfield>
    <subfield code="2">rdacarrier</subfield>
    <subfield code="0">http://id.loc.gov/vocabulary/carriers/cr</subfield>
  </datafield>
  <datafield ind1=" " ind2=" " tag="338">
    <subfield code="3">Page view volume 1</subfield>
    <subfield code="a">online resource</subfield>
    <subfield code="b">cr</subfield>
    <subfield code="2">rdacarrier</subfield>
    <subfield code="0">http://id.loc.gov/vocabulary/carriers/cr</subfield>
  </datafield>
  <datafield ind1=" " ind2=" " tag="340">
    <subfield code="m">4to</subfield>
    <subfield code="0">http://id.loc.gov/vocabulary/bookformat/4to</subfield>
  </datafield>
  <datafield ind1=" " ind2=" " tag="340">
    <subfield code="p">portraits</subfield>
    <subfield code="0">http://id.loc.gov/vocabulary/millus/por</subfield>
  </datafield>
  <datafield ind1=" " ind2=" " tag="353">
    <subfield code="a">index</subfield>
    <subfield code="b">index</subfield>
    <subfield code="0">http://id.loc.gov/vocabulary/msupplcont/index</subfield>
  </datafield>
  <datafield ind1=" " ind2=" " tag="500">
    <subfield code="a">Volume 1: [12], 711, [1] pages; volume 2: [4], 496, [8], 88, [8], 168 pages.</subfield>
  </datafield>
  <datafield ind1=" " ind2=" " tag="500">
    <subfield code="a">Title page of volume 1 printed in red and black.</subfield>
  </datafield>
  <datafield ind1=" " ind2=" " tag="500">
    <subfield code="a">Includes: De arthritide symptomatica and De arthritide anomala sive interna, both by William Musgrave.</subfield>
  </datafield>
  <datafield ind1=" " ind2=" " tag="500">
    <subfield code="a">Includes index.</subfield>
  </datafield>
  <datafield ind1="4" ind2=" " tag="510">
    <subfield code="a">Sowerby, E.M. Catalogue of the Library of Thomas Jefferson, $C 902</subfield>
  </datafield>
  <datafield ind1=" " ind2=" " tag="500">
    <subfield code="a">LC copy forms part of the Jefferson Exhibit Collection.</subfield>
    <subfield code="5">DLC</subfield>
  </datafield>
  <datafield ind1=" " ind2="0" tag="650">
    <subfield code="a">Medicine</subfield>
    <subfield code="0">http://id.loc.gov/authorities/subjects/sh85083064</subfield>
  </datafield>
  <datafield ind1=" " ind2="0" tag="650">
    <subfield code="a">Gout</subfield>
    <subfield code="0">http://id.loc.gov/authorities/subjects/sh85056029</subfield>
  </datafield>
  <datafield ind1="1" ind2="2" tag="700">
    <subfield code="a">Musgrave, William,</subfield>
    <subfield code="d">1655?-1721.</subfield>
    <subfield code="t">De arthritide symptomatica dissertatio</subfield>
    <subfield code="1">http://id.loc.gov/resources/hubs/a98a3d9d-520f-664b-348c-35b552b911d4</subfield>
  </datafield>
  <datafield ind1="1" ind2="2" tag="700">
    <subfield code="a">Musgrave, William,</subfield>
    <subfield code="d">1655?-1721.</subfield>
    <subfield code="t">De arthritide anomala, sive interna, dissertatio</subfield>
    <subfield code="1">http://id.loc.gov/resources/hubs/3f2081be-1175-e6e7-2fa0-95c3082127e7</subfield>
  </datafield>
  <datafield ind1="2" ind2=" " tag="710">
    <subfield code="a">Jefferson Exhibit Collection (Library of Congress)</subfield>
    <subfield code="5">DLC</subfield>
    <subfield code="0">http://id.loc.gov/authorities/names/n2011083777</subfield>
    <subfield code="1">http://id.loc.gov/rwo/agents/n2011083777</subfield>
  </datafield>
  <datafield ind1=" " ind2=" " tag="752">
    <subfield code="a">Switzerland</subfield>
    <subfield code="d">Geneva</subfield>
  </datafield>
  <datafield ind1=" " ind2=" " tag="758">
    <subfield code="1">http://id.loc.gov/resources/instances/7276952</subfield>
  </datafield>
  <datafield ind1=" " ind2=" " tag="758">
    <subfield code="4">http://id.loc.gov/ontologies/bibframe/instanceOf</subfield>
    <subfield code="1">http://id.loc.gov/resources/works/7276952</subfield>
  </datafield>
  <datafield ind1="4" ind2=" " tag="856">
    <subfield code="3">Page view volume 2</subfield>
    <subfield code="u">http://hdl.loc.gov/loc.rbc/General.32269v2.1</subfield>
  </datafield>
  <datafield ind1="4" ind2=" " tag="856">
    <subfield code="3">Page view volume 1</subfield>
    <subfield code="u">http://hdl.loc.gov/loc.rbc/General.32269v1.1</subfield>
  </datafield>
  <datafield ind1=" " ind2=" " tag="884">
    <subfield code="a">DLC bibframe2marc v3.1-dev</subfield>
    <subfield code="g">20260316</subfield>
    <subfield code="q">DLC</subfield>
    <subfield code="u">https://github.com/lcnetdev/bibframe2marc/tree/v3.1-dev</subfield>
  </datafield>
  <datafield ind1=" " ind2=" " tag="985">
    <subfield code="e">BIBFRAME</subfield>
    <subfield code="d">2026-03-16T09:49:32</subfield>
  </datafield>
  <datafield ind1=" " ind2=" " tag="985">
    <subfield code="a">rbc/rbctos</subfield>
  </datafield>
  <datafield ind1=" " ind2=" " tag="985">
    <subfield code="a">rbc/rbc</subfield>
  </datafield>
  <datafield ind1=" " ind2=" " tag="985">
    <subfield code="a">rbc/digital/rbc</subfield>
  </datafield>
  <datafield ind1=" " ind2=" " tag="991">
    <subfield code="b">c-GenColl</subfield>
    <subfield code="h">R114</subfield>
    <subfield code="i">.S94 1757</subfield>
    <subfield code="t">Copy 1</subfield>
    <subfield code="w">PREM</subfield>
  </datafield>
  <datafield ind1=" " ind2=" " tag="952">
    <subfield code="a">R114 .S94 1757 Copy 1 transferred from the Pre-1801 Collection to the Jefferson Exhibit Collection. he18 2026-03-16</subfield>
  </datafield>
</record>
